Open Data Biblioteca Nacional de Portugal


República Portuguesa: Ministério da Cultura
Biblioteca Nacional de Portugal

Catálogo da BNP: acesso por Identificadores Unívocos
Registos Bibliográficos associados ao registo de autoridade

Etiqueta de registo: 00000nam 2200025 450
001 2280159
003 http://id.bnportugal.gov.pt/bib/catbnp/2280159
010 ## $a978-2-36732-305-3
100 ## $a20260313d2026 m y0pory01030103ba
101 1# $afre$cpor
102 ## $aFR
105 ## $aa z 000yy
106 ## $ar
200 1# $aLoyal conseiller$fDom Duarte$gpref. João Viegas$gintrod. e trad. Anne-Marie Quint
210 #9 $aParis$cChandeigne & Lima,$d2026
215 ## $a510, [2] p.$cil.$d21 cm
225 2# $aBibliothéque Lusitane
304 ## $aTít. orig.: Leal Conselheiro
702 #1 $92$aViegas,$bJoão$4080$32001486
702 #1 $aQuint,$bAnne-Marie,$f1941-$4080$357874
710 01 $aPortugal.$bRei,$c1433-1438 (Duarte)$340441
801 #0 $aPT$bBN$gRPC
966 ## $lBN$mFGMON$pDGLAB$x3
971 ## $corlando$d20260623
972 ## $e0$z0$d20260625$vasantos

OpendataBNP@bnportugal.pt | Mais informação sobre acesso aos dados BNP